| 000 | 00920nam a2200277 a 4500 | ||
|---|---|---|---|
| 001 | 66817 | ||
| 003 | BD-RjUL | ||
| 005 | 20211209081600.0 | ||
| 008 | 170320s1994 caua b 001 0 eng | ||
| 020 | _a0534162363 | ||
| 035 | _a(BD-RjUL)66948 | ||
| 040 |
_aDLC _cDLC _dDLC _dBD-RjUL _beng |
||
| 041 | _aeng | ||
| 082 | 0 | 0 |
_223 _a305.235 _bADA 1994 |
| 100 | 1 |
_aAdams, Gerald R., _d1946- _9197842 |
|
| 245 | 1 | 0 |
_aAdolescent life experiences / _cGerald R. Adams, Thomas P. Gullotta and Carol Markstrom-Adams. |
| 250 | _a3rd ed. | ||
| 260 |
_aPacific Grove, Calif. : _bBrooks/Cole, _cc1994. |
||
| 300 |
_axxxi, 592 p. : _bill. ; _c23 cm. |
||
| 504 | _aIncludes bibliographical references (p. 534-579) and index. | ||
| 650 | 0 |
_aAdolescence. _9197843 |
|
| 650 | 0 |
_aAdolescent psychology _zUnited States. _9197844 |
|
| 700 | 1 |
_aGullotta, Thomas, _d1948- _9197845 |
|
| 700 | 2 |
_aMarkstrom, Carol A. _9197846 |
|
| 942 |
_2ddc _cBK |
||
| 999 |
_c66817 _d66817 |
||